Fundamentos de administración financiera
Guardat en:
| Autors principals: | , |
|---|---|
| Format: | Llibre |
| Idioma: | espanyol |
| Publicat: |
Ciudad de México
Pearson Educación
2002
|
| Edició: | 11a. ed |
| Matèries: | |
| Etiquetes: |
Afegir etiqueta
Sense etiquetes, Sigues el primer a etiquetar aquest registre!
|
MARC
| LEADER | 00000nam a2200000 a 4500 | ||
|---|---|---|---|
| 001 | UCL0372 | ||
| 003 | CL-VaPUC | ||
| 008 | 030711e20020000MX |||||||||||||||||spa|d | ||
| 020 | |a 9702602386 | ||
| 082 | 0 | 4 | |a 658.15 |b VAN |2 21 |
| 100 | 0 | |a Van Horne, James C |e author |9 477053 | |
| 700 | 0 | |a Wachowicz, John M |e author |9 477054 | |
| 245 | 1 | 0 | |a Fundamentos de administración financiera |
| 250 | |a 11a. ed | ||
| 300 | |a 743 p | ||
| 942 | |c BK | ||
| 945 | |d 20030711 00:00:00 |a cmena | ||
| 260 | |a Ciudad de México |b Pearson Educación |c 2002 | ||
| 650 | 0 | |a Administración financiera |9 261146 | |
| 650 | 0 | |a Capital |9 263726 | |
| 650 | 0 | |a Inversiones de capital |9 271545 | |
| 583 | |a last modification |c 20130306 12:05:07 |k Rodrigo Vera | ||
| 999 | |c 304245 |d 304243 | ||
| 952 | |0 0 |1 0 |4 0 |6 658_150000000000000_VAN_2002 |7 0 |8 R |9 366196 |a BIBGIM |b BIBGIM |d 2019-11-21 |i 4503503 |o 658.15 VAN 2002 |p 4503503 |r 2025-01-15 |w 2019-11-21 |y BK_R |k COM | ||
| 952 | |0 0 |1 0 |4 0 |6 658_150000000000000_VAN_2002 |7 0 |8 R |9 366197 |a BIBGIM |b BIBGIM |d 2019-11-21 |i 4507991 |o 658.15 VAN 2002 |p 4507991 |r 2025-01-15 |w 2019-11-21 |y BK_R |k COM | ||
| 952 | |0 0 |1 0 |4 0 |6 658_150000000000000_VAN_2002 |7 0 |8 R |9 366198 |a BIBGIM |b BIBGIM |d 2019-11-21 |i 4625935 |o 658.15 VAN 2002 |p 4625935 |r 2025-01-15 |w 2019-11-21 |y BK_R |k COM | ||
| 952 | |0 0 |1 0 |4 0 |6 658_150000000000000_VAN_2002 |7 0 |8 R |9 366199 |a BIBGIM |b BIBGIM |d 2019-11-21 |i 4629825 |o 658.15 VAN 2002 |p 4629825 |r 2025-01-15 |w 2019-11-21 |y BK_R |k COM | ||
| 952 | |0 0 |1 0 |4 0 |6 658_150000000000000_VAN_2002 |7 0 |8 R |9 366200 |a BIBGIM |b BIBGIM |d 2019-11-21 |i 4629833 |o 658.15 VAN 2002 |p 4629833 |r 2025-01-15 |w 2019-11-21 |y BK_R |k COM | ||
| 952 | |0 0 |1 0 |4 0 |6 658_150000000000000_VAN_2002 |7 0 |8 R |9 366201 |a BIBGIM |b BIBGIM |d 2019-11-21 |i 4629841 |o 658.15 VAN 2002 |p 4629841 |r 2025-01-15 |w 2019-11-21 |y BK_R |k COM | ||
| 952 | |0 0 |1 0 |4 0 |6 658_150000000000000_VAN_2002 |7 0 |8 R |9 366203 |a BIBGIM |b BIBGIM |d 2019-11-21 |i 4629868 |o 658.15 VAN 2002 |p 4629868 |r 2025-01-15 |w 2019-11-21 |y BK_R |k COM | ||